| 000 | 00457nam a2200169Ia 4500 | ||
|---|---|---|---|
| 008 | 180921t1880 xxu||||| |||| 00| 0 eng d | ||
| 041 | _aeng | ||
| 080 |
_a(x)598.2 _b |
||
| 100 | _aLegge, Vincent W. | ||
| 245 | _aA history of the birds of Ceylon | ||
| 260 |
_bTisara prakasakaya limited _aDehiwala _c1880 |
||
| 300 | _a695p.,10pl., 25 cm | ||
| 650 |
_aZoology _aOrnithology |
||
| 942 | _cBK | ||
| 999 |
_c13444 _d13444 |
||
| 003 | LK-CoDNM | ||
| 040 |
_aLK-CoDNM _dLK-CoDNM _eLK-CoDNM |
||